|
|
|
|
| LEADER |
00000nam a22000007a 4500 |
| 005 |
20141010001552.0 |
| 007 |
cr|||| |||| |
| 008 |
141010s2014 br |||||s|||| 00||0 por d |
| 020 |
|
|
|a 978-85-361-3015-6
|
| 035 |
|
|
|a 12434
|
| 040 |
|
|
|a vLex
|
| 090 |
|
|
|c 5208
|d 5208
|
| 100 |
1 |
|
|a Thom,̌ Candy Florencio
|
| 245 |
1 |
0 |
|a Sentenȧs Trabalhistas selecionadas
|h [Recurso electrn̤ico] :
|b Abuso de Poder, Assďio Moral, Assďio Sexual e Violn̊cia no Trabalho /
|c Candy Florencio Thom,̌ Rodrigo Garcia Schwarz
|n Volumen II
|
| 256 |
|
|
|a Servicio en ln̕ea
|
| 260 |
|
|
|a San Pablo:
|b LTR Editora,
|c 2014
|
| 300 |
|
|
|a 1 recurso electrn̤ico
|
| 506 |
1 |
|
|a Disponible solo en los productos indicados
|d vLex Global
|d vLex Global (Academic Edition, excluding Law Schools)
|d vLex Global (U.S. Academic Edition, Law Schools)
|d vLex Global (U.S. Academic Edition, excluding Law Schools)
|d vLex Global (Academic Edition, Law Schools)
|
| 650 |
0 |
4 |
|a Derecho Laboral y Seguridad Social
|z Brasil
|
| 700 |
1 |
|
|a Garcia Schwarz, Rodrigo
|
| 740 |
0 |
|
|a vLex Libros (Servicio en ln̕ea)
|
| 856 |
4 |
0 |
|u http://vlex.com/source/senten-as-trabalhistas-selecionadas-volumen-ii-12434
|z Acceso restringido
|
| 942 |
|
|
|c BOOK
|
| 999 |
0 |
|
|a Labor Law and Social Security
|